000 00607nam a2200241Ia 4500
001 16417
003 GE_BSU
008 181216s||||||||xx |||||||||||||| ||und||
020 _a9783941323056
040 _cGE_BSU
080 _a811.112
100 _aVolgnandt, Gabriele,Dieter Volgnandt
245 _aExportwege
245 _bWirtschaftsdeutsch: neu Arbeitsbuch 3:Sprachniveau BI .B2
260 _aGermany
260 _bSCHUBERT-VERLAG
260 _c2010
300 _a150p;ill;30cm.
541 _h55gel.
653 _aExportwege
653 _aგერმანული ენა
942 _cBK
999 _c49493
_d49493